[Event "41st Olympiad Women 2014"]
[Site "Tromso NOR"]
[Date "2014.08.08"]
[Round "6.25"]
[Board "3"]
[White "Partac, Elena"]
[Black "Roy, Ali"]
[Result "1/2-1/2"]
[WhiteTitle "WGM"]
[WhiteElo "2127"]
[BlackElo "1913"]
[WhiteTeam "Moldova"]
[BlackTeam "Scotland"]
[WhiteFideId "13901001"]
[BlackFideId "2400456"]
[EventDate "2014.08.02"]

1. e4 c5 2. Nc3 Nc6 3. g3 g6 4. Bg2 Bg7 5. d3 d6 6. Nge2 e5 7. O-O Nge7 8. Be3
O-O 9. f4 Be6 10. Qd2 Qd7 11. Rf2 Rae8 12. Raf1 Nd4 13. Kh1 b5 14. Nc1 b4 15.
Nd1 a5 16. fxe5 Bxe5 17. Bh6 Bg7 18. Qf4 f5 19. Bxg7 Kxg7 20. Qh4 d5 21. Ne3 Qd6
22. Nb3 a4 23. Nxd4 cxd4 24. Nxd5 Bxd5 25. exd5 Qe5 26. Qf4 Nxd5 27. Qxe5+ Rxe5
28. Bxd5 Rxd5 29. Re1 Rc5 30. Re6 Rf6 31. Re7+ Rf7 32. Re6 Rf6 33. Re7+ Rf7 34.
Re6 1/2-1/2

[Event "41st Olympiad Women 2014"]
[Site "Tromso NOR"]
[Date "2014.08.08"]
[Round "6.25"]
[Board "4"]
[White "Groves, Carey"]
[Black "Hincu, Olga"]
[Result "1-0"]
[WhiteTitle "WFM"]
[WhiteElo "2027"]
[BlackElo "2027"]
[WhiteTeam "Scotland"]
[BlackTeam "Moldova"]
[WhiteFideId "2401207"]
[BlackFideId "13904108"]
[EventDate "2014.08.02"]

1. d4 d5 2. c4 e6 3. Nc3 Nf6 4. cxd5 exd5 5. Bg5 c6 6. Qc2 Nbd7 7. e3 Be7 8. Bd3
O-O 9. Nge2 Re8 10. O-O Nf8 11. Bxf6 Bxf6 12. b4 a6 13. a4 Bg4 14. b5 axb5 15.
axb5 Bxe2 16. Bxe2 Qd6 17. bxc6 bxc6 18. Ra4 Ne6 19. Rfa1 Rxa4 20. Qxa4 Nc7 21.
Qa3 Qd7 22. Qc5 Be7 23. Qb6 Qd6 24. Ra7 Bd8 25. Qb7 f5 26. g3 Re7 27. Qc8 Qd7
28. Qxd7 Rxd7 29. Na4 Kf7 30. Ba6 Re7 31. Bc8 g6 32. Nc5 Nb5 33. Ra6 Rc7 34. Bb7
Be7 35. Bxc6 Nc3 36. Nd3 Rc8 37. Nf4 Rd8 38. Ra8 Rd6 39. Rc8 Rd8 40. Rxd8 Bxd8
41. Bxd5+ Nxd5 42. Nxd5 Ke6 43. Nf4+ Kd6 44. h4 Bf6 45. Kf1 Bg7 46. Ke2 Bf6 47.
Kd3 Bg7 48. f3 Bf6 49. h5 g5 50. Nh3 h6 51. e4 fxe4+ 52. fxe4 Bd8 53. Nf2 Ba5
54. Ng4 Be1 55. Nxh6 1-0

[Event "41st Olympiad Women 2014"]
[Site "Tromso NOR"]
[Date "2014.08.08"]
[Round "6.26"]
[Board "2"]
[White "Cordero, Daniela"]
[Black "Guerrero Rodriguez, Alejandra"]
[Result "1-0"]
[WhiteTitle "WIM"]
[BlackTitle "WIM"]
[WhiteElo "2010"]
[BlackElo "2089"]
[WhiteTeam "Bolivia"]
[BlackTeam "Mexico"]
[WhiteFideId "3301630"]
[BlackFideId "5104297"]
[EventDate "2014.08.02"]

1. d4 Nf6 2. Nf3 e6 3. e3 b6 4. Bd3 Bb7 5. O-O c5 6. c4 Be7 7. Nc3 cxd4 8. exd4
d5 9. cxd5 Nxd5 10. Bb5+ Bc6 11. Bd3 Nd7 12. Qe2 Qc7 13. Re1 Nxc3 14. bxc3 O-O
15. Ng5 Nf6 16. Qc2 h6 17. Ne4 Nxe4 18. Bxe4 Bxe4 19. Rxe4 Rac8 20. Bd2 Qc4 21.
Rae1 Bf6 22. Qc1 Rfd8 23. Rg4 h5 24. Rg3 Qxa2 25. Bg5 Kf8 26. Bxf6 gxf6 27. Qh6+
Ke7 28. Rf3 Rf8 29. Qxf6+ Kd7 30. Qg7 Ke8 31. Qg5 Qa5 32. Qxa5 bxa5 33. Ra1 Rb8
34. h3 Rb5 35. c4 Rb4 36. Rxa5 Rxc4 37. Rxa7 Rxd4 38. Rb3 Rd7 39. Rb8+ Rd8 40.
Rbb7 Rh8 41. Rxf7 Rd6 42. Rfe7+ Kd8 43. Rxe6 Rxe6 44. Ra8+ Ke7 45. Rxh8 Re5 46.
Rh6 Kf7 47. g3 Kg7 48. Ra6 Rc5 49. Kg2 Rf5 50. g4 Rc5 51. Kg3 Rc3+ 52. f3 h4+
53. Kf4 Rb3 54. Re6 Ra3 55. g5 Rb3 56. Kg4 Ra3 57. Rf6 Ra4+ 58. f4 Ra1 59. Kxh4
Rg1 60. Kh5 Rg3 61. h4 Rg1 62. Ra6 Rb1 63. Ra7+ Kh8 64. Kh6 Rb6+ 65. g6 Rb8 66.
f5 Rg8 67. Rh7# 1-0

[Event "41st Olympiad Women 2014"]
[Site "Tromso NOR"]
[Date "2014.08.08"]
[Round "6.26"]
[Board "3"]
[White "Real Pereyra, Diana Carime"]
[Black "Estrada, Lucia"]
[Result "1-0"]
[WhiteTitle "WIM"]
[BlackTitle "WIM"]
[WhiteElo "2061"]
[BlackElo "1974"]
[WhiteTeam "Mexico"]
[BlackTeam "Bolivia"]
[WhiteFideId "5104106"]
[BlackFideId "3301923"]
[EventDate "2014.08.02"]

1. d4 d5 2. c4 e6 3. Nc3 Nf6 4. cxd5 exd5 5. Bg5 Nbd7 6. e3 c6 7. Qc2 Qa5 8. Bd3
Bb4 9. Ne2 O-O 10. O-O Re8 11. a3 Bd6 12. Rad1 Ne4 13. Bh4 Ndf6 14. f3 Nxc3 15.
Nxc3 h6 16. Bxf6 gxf6 17. e4 Qc7 18. Kh1 Bxh2 19. g3 Bxg3 20. Rg1 Kh8 21. Qg2
Rg8 22. Ne2 dxe4 23. fxe4 Rg4 24. Qxg3 Rxg3 25. Rxg3 h5 26. Rf1 Qe7 27. Rf2 Bg4
28. Nf4 f5 29. Rh2 h4 30. Ng2 h3 31. exf5 Qg5 32. Rhxh3+ Bxh3 33. Rxg5 Bxg2+ 34.
Kxg2 Rd8 35. Bc4 f6 36. Rg4 b6 37. Kf3 Re8 38. Re4 Rd8 39. Ke3 Rd7 40. Re6 Kg7
41. Rxc6 Re7+ 42. Be6 Kh6 43. d5 1-0

[Event "41st Olympiad Women 2014"]
[Site "Tromso NOR"]
[Date "2014.08.08"]
[Round "6.26"]
[Board "4"]
[White "Coro, Soledad"]
[Black "Roque Sola, Gisela"]
[Result "1-0"]
[BlackTitle "WFM"]
[WhiteElo "1839"]
[BlackElo "1882"]
[WhiteTeam "Bolivia"]
[BlackTeam "Mexico"]
[WhiteFideId "3302385"]
[BlackFideId "5120241"]
[EventDate "2014.08.02"]

1. c4 Nf6 2. Nc3 g6 3. g3 Bg7 4. Bg2 O-O 5. d3 d6 6. Nf3 c6 7. O-O Qa5 8. e4 Qh5
9. Ne2 e5 10. Kh1 Ng4 11. h3 f5 12. Nh4 g5 13. Nxf5 Bxf5 14. exf5 Rxf5 15. Kg1
Nh6 16. g4 Nxg4 17. hxg4 Qxg4 18. Ng3 Qxd1 19. Rxd1 Rf6 20. Bxg5 Rg6 21. Be3 Na6
22. Be4 Rf6 23. Nh5 Rf7 24. Nxg7 Rxg7+ 25. Kh2 Kf7 26. Rg1 Rag8 27. Rxg7+ Rxg7
28. Bxa7 Ke6 29. Rg1 Rf7 30. Be3 d5 31. cxd5+ cxd5 32. Bh1 d4 33. Bg5 Rxf2+ 34.
Rg2 Rf5 35. Bh4 Rh5 36. Kh3 Nb4 37. Rd2 Nd5 38. Bxd5+ Kxd5 39. Re2 Rf5 40. Kg4
Rf4+ 41. Kg3 h5 42. Rf2 Rg4+ 43. Kh3 Rg1 44. Bg3 Rd1 45. Re2 Rxd3 46. Rxe5+ Kc4
47. Rxh5 Rd2 48. b3+ Kc3 49. Be1 Kd3 50. Bxd2 Kxd2 51. Rh7 1-0

[Event "41st Olympiad Women 2014"]
[Site "Tromso NOR"]
[Date "2014.08.08"]
[Round "6.27"]
[Board "1"]
[White "Milovic, Aleksandra"]
[Black "Steil-Antoni, Fiona"]
[Result "1-0"]
[WhiteTitle "WFM"]
[BlackTitle "WIM"]
[WhiteElo "2170"]
[BlackElo "2112"]
[WhiteTeam "Montenegro"]
[BlackTeam "Luxembourg"]
[WhiteFideId "933988"]
[BlackFideId "4001249"]
[EventDate "2014.08.02"]

1. a3 e5 2. c4 g6 3. d4 exd4 4. Qxd4 Qf6 5. Qd3 Bg7 6. Nc3 Ne7 7. Nf3 h6 8. g4
d6 9. g5 hxg5 10. Bxg5 Qf5 11. e4 Qe6 12. h4 Nd7 13. O-O-O Nc5 14. Qc2 f6 15.
Nd5 Kd8 16. Be3 Nxd5 17. exd5 Qg4 18. Nd4 Bh6 19. Bxh6 Rxh6 20. Kb1 a5 21. Bh3
Qe4 22. Bxc8 Qxc2+ 23. Kxc2 Rxc8 24. b4 axb4 25. axb4 Na6 26. Kc3 Kd7 27. Rde1
c5 28. dxc6+ bxc6 29. Ra1 Nc7 30. Ra7 Ra8 31. Rxa8 Nxa8 32. b5 cxb5 33. cxb5 Nb6
34. Kb4 Rh5 35. Ka5 Kc7 36. Ka6 Nd7 37. b6+ Nxb6 38. Rc1+ Kd7 39. Kxb6 Rxh4 40.
Rc7+ Ke8 41. Nb5 Rf4 42. Nxd6+ Kf8 43. Rc2 g5 44. Kc5 Kg7 45. Kd5 Kg6 46. Ne4 f5
47. Nc5 g4 48. Nd3 Ra4 49. Ke5 Re4+ 50. Kd5 Ra4 51. Rc4 Rxc4 52. Kxc4 Kg5 53.
Kd4 f4 54. Ne1 f3 55. Ke3 Kf5 56. Nxf3 1-0

[Event "41st Olympiad Women 2014"]
[Site "Tromso NOR"]
[Date "2014.08.08"]
[Round "6.27"]
[Board "2"]
[White "Biryukov, Alice"]
[Black "Blagojevic, Tijana"]
[Result "1/2-1/2"]
[WhiteElo "1941"]
[BlackElo "2095"]
[WhiteTeam "Luxembourg"]
[BlackTeam "Montenegro"]
[WhiteFideId "4002440"]
[BlackFideId "16500270"]
[EventDate "2014.08.02"]

1. e4 e5 2. Nf3 Nc6 3. d4 exd4 4. Nxd4 Nf6 5. Nc3 Bb4 6. Nxc6 bxc6 7. Bd3 O-O 8.
O-O d5 9. Qf3 Bg4 10. Qf4 Bxc3 11. bxc3 dxe4 12. Bxe4 Nxe4 13. Qxe4 Qd7 14. Qd4
Qe6 15. Bf4 Rfd8 16. Qe3 Qxe3 17. Bxe3 Bf5 18. Rfb1 a6 19. Rb7 Rd7 20. Bf4 Bxc2
21. Rxc7 Rxc7 22. Bxc7 Re8 23. Bf4 Re4 24. Rc1 Ba4 25. Be3 f5 26. g3 Kf7 27. Rb1
Bb5 28. Rb4 Ke6 29. Rd4 Rxd4 30. Bxd4 g5 31. f4 g4 32. Kf2 Kd5 33. Ke3 Bf1 34.
Bg7 Bg2 35. Bf6 Be4 36. Be7 Kc4 37. Kd2 Bb1 38. a3 Ba2 39. Bd6 Kd5 40. Bf8 Ke4
41. Ke2 Bc4+ 42. Kd2 a5 43. Be7 a4 44. Bf8 Kf3 45. Bc5 h5 46. Be7 Kf2 47. Bg5
Kg2 48. Ke3 Kxh2 49. Kf2 Bd5 50. Bh4 Kh3 51. Bg5 Be6 52. Bh4 Bd5 53. Bg5 Be6 54.
Bh4 Bd5 55. Bg5 Be6 1/2-1/2

[Event "41st Olympiad Women 2014"]
[Site "Tromso NOR"]
[Date "2014.08.08"]
[Round "6.27"]
[Board "3"]
[White "Stojanovic, Marija R"]
[Black "Kremer, Nadine"]
[Result "1-0"]
[WhiteTitle "WFM"]
[WhiteElo "2100"]
[BlackElo "1844"]
[WhiteTeam "Montenegro"]
[BlackTeam "Luxembourg"]
[WhiteFideId "931411"]
[BlackFideId "4002970"]
[EventDate "2014.08.02"]

1. Nf3 Nf6 2. g3 g6 3. d4 Bg7 4. Bg2 d6 5. O-O O-O 6. Nc3 Nbd7 7. e4 e5 8. a4 a5
9. Re1 Re8 10. b3 exd4 11. Nxd4 c6 12. Ba3 Qb6 13. Bxd6 Nxe4 14. Nxe4 Bxd4 15.
c3 Bg7 16. Rb1 Qd8 17. Qd2 Nf6 18. Nxf6+ Bxf6 19. Rxe8+ Qxe8 20. Re1 Qd8 21. Bf4
Be6 22. Qc2 Qb6 23. c4 Bf5 24. Qa2 Rd8 25. h3 Qb4 26. Re2 Rd3 27. Bh6 Be6 28.
Re3 Rd1+ 29. Kh2 Rd2 30. Rxe6 fxe6 31. Bxd2 Qb6 32. Be3 Qb4 33. Qc2 Kf7 34. h4
Qd6 35. h5 Qe5 36. hxg6+ hxg6 37. Qd3 Qh5+ 38. Kg1 Be7 39. Qd7 1-0

[Event "41st Olympiad Women 2014"]
[Site "Tromso NOR"]
[Date "2014.08.08"]
[Round "6.27"]
[Board "4"]
[White "Bakalarz, Grazyna"]
[Black "Bacic, Kristina"]
[Result "1/2-1/2"]
[WhiteTitle "WFM"]
[WhiteElo "1972"]
[BlackElo "1801"]
[WhiteTeam "Luxembourg"]
[BlackTeam "Montenegro"]
[WhiteFideId "4000730"]
[BlackFideId "16500245"]
[EventDate "2014.08.02"]

1. d4 d5 2. Bf4 Nf6 3. e3 c5 4. c3 Nc6 5. Nf3 Qb6 6. Qb3 c4 7. Qc2 Bf5 8. Qc1 h6
9. Nbd2 Rc8 10. Be2 e6 11. O-O Be7 12. Bd1 O-O 13. Bc2 Bxc2 14. Qxc2 Qa6 15. Ne5
b5 16. e4 b4 17. Nxc6 Rxc6 18. e5 Nd7 19. Nf3 Rb8 20. g4 bxc3 21. bxc3 Ba3 22.
g5 hxg5 23. Nxg5 Nf8 24. Rfe1 Rcb6 25. Re3 Be7 26. Qd1 Bxg5 27. Bxg5 Qb7 28. Re1
Rb2 29. h4 Qc7 30. Bc1 Rb1 31. Rxb1 Rxb1 32. Qc2 Qb7 33. h5 Ra1 34. Bd2 Rxe1+
35. Bxe1 Qe7 36. f4 Qa3 37. Bh4 Nh7 38. Bd8 Qf8 39. Bg5 Nxg5 40. fxg5 Qe7 41.
Qd2 Qb7 42. Qc2 a5 43. g6 Qe7 44. gxf7+ Qxf7 45. Qg6 Qxg6+ 46. hxg6 Kf8 47. Kf2
Ke7 48. a4 1/2-1/2

[Event "41st Olympiad Women 2014"]
[Site "Tromso NOR"]
[Date "2014.08.08"]
[Round "6.28"]
[Board "1"]
[White "Daulyte, Deimante"]
[Black "Nasriddinzoda, Marvorii"]
[Result "0-1"]
[WhiteTitle "WGM"]
[WhiteElo "2386"]
[BlackElo "2021"]
[WhiteTeam "Lithuania"]
[BlackTeam "Tajikistan"]
[WhiteFideId "12802859"]
[BlackFideId "14700395"]
[EventDate "2014.08.02"]

1. e4 c5 2. Nf3 e6 3. d4 cxd4 4. Nxd4 a6 5. Nc3 Qc7 6. Bd3 Nf6 7. O-O d6 8. a4
Be7 9. Kh1 O-O 10. f4 Re8 11. Qe1 Nbd7 12. Bd2 b6 13. b4 Bb7 14. Qg3 d5 15. e5
Ne4 16. Qh3 g6 17. Bxe4 dxe4 18. Nce2 Qc4 19. Rab1 b5 20. a5 Rac8 21. Qe3 Red8
22. Rfd1 Nb8 23. c3 Nd7 24. Ng3 f5 25. Nf1 Bd5 26. Qh3 Nf8 27. Ne3 Qc7 28. g4
Kh8 29. Rg1 Qd7 30. Qh6 fxg4 31. Rxg4 Qe8 32. Nxd5 Rxd5 33. Qh3 Rc4 34. Nb3 Qd7
35. Qe3 Rd3 36. Qe1 e3 37. Bxe3 Rcxc3 38. Bc5 Rxb3 39. Rxb3 Rd1 40. Rb1 Rxe1+
41. Rxe1 Bxc5 42. bxc5 Qd5+ 43. Rg2 Qxc5 44. h4 Qb4 45. Rf1 Qxa5 46. Rc1 Qa3 47.
Rc8 Qh3+ 48. Kg1 Kg8 49. Rf2 Qxh4 50. Ra8 Qg3+ 51. Kf1 Qd3+ 52. Kg1 b4 53. f5
Qg3+ 54. Kf1 Qxe5 55. fxg6 hxg6 56. Raxf8+ Kg7 57. R8f7+ Kh6 58. Re2 Qd6 59. Kg1
Qd1+ 60. Kf2 b3 61. Ke3 Qd6 62. Re1 Qe5+ 63. Kf2 Qh2+ 64. Ke3 a5 65. Rff1 Qe5+
66. Kd3 Qd5+ 67. Kc3 a4 68. Ra1 Qc5+ 69. Kb2 Qc2+ 70. Ka3 b2 0-1

[Event "41st Olympiad Women 2014"]
[Site "Tromso NOR"]
[Date "2014.08.08"]
[Round "6.28"]
[Board "2"]
[White "Antonova, Nadezhda"]
[Black "Zaksaite, Salomeja"]
[Result "1/2-1/2"]
[WhiteTitle "WFM"]
[BlackTitle "WIM"]
[WhiteElo "2004"]
[BlackElo "2170"]
[WhiteTeam "Tajikistan"]
[BlackTeam "Lithuania"]
[WhiteFideId "14700182"]
[BlackFideId "12801496"]
[EventDate "2014.08.02"]

1. Nf3 Nf6 2. g3 g6 3. Bg2 Bg7 4. O-O d5 5. d3 O-O 6. Nbd2 d4 7. Nb3 Nc6 8. e4
dxe3 9. Bxe3 Nd5 10. Bc1 e5 11. Re1 f5 12. Bg5 Qd6 13. Nfd2 h6 14. Nc4 Qd7 15.
Bd2 Kh7 16. Qf3 Rd8 17. a3 Rb8 18. Ne3 Nde7 19. Nc4 Nd5 20. Ne3 Nb6 21. a4 Nd4
22. Nxd4 exd4 23. Nf1 Nxa4 24. b3 Nc5 25. Bb4 Qb5 26. Bd2 a6 27. Bf4 Ne6 28.
Rxe6 Bxe6 29. Bxc7 Bd5 30. Qf4 Bxg2 31. Kxg2 Qc6+ 32. Kg1 Rbc8 33. Bxd8 Rxd8 34.
Re1 Rd7 35. Re2 a5 36. h4 Rf7 37. Nh2 b5 38. Nf3 a4 39. bxa4 bxa4 40. Nxd4 Qd5
41. c3 Rb7 42. Qf3 Qxf3 43. Nxf3 Bxc3 44. Ra2 Rb1+ 45. Kg2 Ra1 46. Rc2 Bg7 47.
d4 a3 48. Ne5 Rd1 49. Nf3 Bxd4 50. Nxd4 Rxd4 51. Rc7+ Kg8 52. Ra7 Rd3 53. h5
gxh5 54. Kh3 f4 55. Ra5 Kg7 56. Kh4 fxg3 57. fxg3 Kg6 58. Kh3 Kg7 59. Ra6 Rc3
60. Kh4 Rc2 61. Kxh5 Rh2+ 62. Kg4 a2 63. Kf4 h5 64. Kg5 Kf7 65. Kf4 Ke7 66. Ke4
Kd7 67. Kd4 Kc7 68. Kc5 Kb7 69. Ra3 Rg2 70. Rb3+ Kc7 71. Ra3 Rb2 72. Ra7+ Kb8
73. Ra3 Kb7 74. Kc4 Kb6 75. Kc3 Rg2 76. Kc4 Kc6 77. Ra6+ Kb7 78. Ra3 Kb6 79.
Rb3+ Kc6 80. Ra3 Kd6 81. Kd4 Kc6 82. Kc4 h4 83. gxh4 Rg4+ 84. Kb3 Rxh4 85. Rxa2
Kd5 1/2-1/2

[Event "41st Olympiad Women 2014"]
[Site "Tromso NOR"]
[Date "2014.08.08"]
[Round "6.28"]
[Board "3"]
[White "Batkovskyte, Dominyka"]
[Black "Ilhom, Mootribai"]
[Result "1-0"]
[WhiteElo "2117"]
[BlackElo "1698"]
[WhiteTeam "Lithuania"]
[BlackTeam "Tajikistan"]
[WhiteFideId "12803243"]
[BlackFideId "14700204"]
[EventDate "2014.08.02"]

1. d4 Nf6 2. c4 g6 3. Nc3 Bg7 4. e4 d6 5. Be2 O-O 6. Bg5 Nbd7 7. Qd2 c5 8. d5 a6
9. a4 a5 10. Nf3 Qb6 11. h3 Qb4 12. O-O Re8 13. Qc2 Qb6 14. Ra3 h6 15. Bf4 g5
16. Bh2 g4 17. hxg4 Nxg4 18. Bf4 Ndf6 19. Nh4 Qd8 20. Nf5 Bxf5 21. exf5 Qd7 22.
Nb5 Ne5 23. Rh3 Kh7 24. Bd1 Rh8 25. Re1 Kg8 26. Ree3 Rh7 27. Bxe5 dxe5 28. Rxe5
Ng4 29. Re1 Nf6 30. Rhe3 Re8 31. Qe2 Kf8 32. Qd2 b6 33. Bf3 h5 34. d6 exd6 35.
Rxe8+ Nxe8 36. Qd5 Bxb2 37. Qa8 Be5 38. Bc6 Qe7 39. Qxe8+ Qxe8 40. Bxe8 Kxe8 41.
f4 f6 42. Nxd6+ Kd7 43. fxe5 fxe5 44. Ne4 1-0

[Event "41st Olympiad Women 2014"]
[Site "Tromso NOR"]
[Date "2014.08.08"]
[Round "6.28"]
[Board "4"]
[White "Odinaeva, Saodat"]
[Black "Vanagaite, Giedre"]
[Result "0-1"]
[WhiteElo "1785"]
[BlackElo "2032"]
[WhiteTeam "Tajikistan"]
[BlackTeam "Lithuania"]
[WhiteFideId "14700255"]
[BlackFideId "12800546"]
[EventDate "2014.08.02"]

1. Nf3 d5 2. d4 Nf6 3. g3 g6 4. Bg2 Bg7 5. O-O O-O 6. b3 c5 7. e3 Nc6 8. Bb2
cxd4 9. exd4 Bg4 10. h3 Bf5 11. Nbd2 Rc8 12. g4 Be6 13. Ng5 Bd7 14. c3 h6 15.
Ngf3 h5 16. Nh2 e5 17. dxe5 Nxe5 18. Ndf3 Nxf3+ 19. Bxf3 hxg4 20. Nxg4 Be6 21.
Rc1 Nh7 22. Kg2 Qg5 23. Qe2 Rfe8 24. h4 Qxh4 25. Qd2 Bxg4 26. Bxg4 Qxg4+ 27. Kh1
Re5 0-1

[Event "41st Olympiad Women 2014"]
[Site "Tromso NOR"]
[Date "2014.08.08"]
[Round "6.29"]
[Board "1"]
[White "Coimbra, Margarida"]
[Black "Samaganova, Alexandra"]
[Result "1/2-1/2"]
[WhiteTitle "WFM"]
[WhiteElo "2071"]
[BlackElo "2012"]
[WhiteTeam "Portugal"]
[BlackTeam "Kyrgyzstan"]
[WhiteFideId "1901192"]
[BlackFideId "13800221"]
[EventDate "2014.08.02"]

1. e4 c5 2. c3 Nf6 3. e5 Nd5 4. d4 cxd4 5. Nf3 Nc6 6. cxd4 d6 7. Bc4 e6 8. O-O
Be7 9. Bd2 O-O 10. Nc3 dxe5 11. dxe5 a6 12. Qe2 b5 13. Bd3 Ncb4 14. Be4 Bb7 15.
Rfd1 Rc8 16. Rac1 Qb6 17. a3 Nxc3 18. Bxc3 Na2 19. Rc2 Nxc3 20. Rxc3 Rxc3 21.
bxc3 Bxe4 22. Qxe4 Rd8 23. Rxd8+ Qxd8 24. Nd4 Bxa3 25. Qc6 Qd5 26. Qxa6 Qxe5 27.
g3 Bc5 28. Qxb5 Qe1+ 29. Kg2 Qxc3 30. Qe8+ Bf8 31. Nc6 Qc5 32. Nb8 Qe7 33. Qc8
g6 34. Nd7 h6 35. h4 h5 36. Kg1 Kg7 37. Qc3+ f6 38. Qc8 Kf7 39. Kg2 Bg7 40. Nc5
Bf8 41. Nb7 e5 1/2-1/2

[Event "41st Olympiad Women 2014"]
[Site "Tromso NOR"]
[Date "2014.08.08"]
[Round "6.29"]
[Board "2"]
[White "Ostry, Irina"]
[Black "Oliveira, Maria Ines"]
[Result "1-0"]
[WhiteTitle "WIM"]
[BlackTitle "WCM"]
[WhiteElo "2177"]
[BlackElo "1890"]
[WhiteTeam "Kyrgyzstan"]
[BlackTeam "Portugal"]
[WhiteFideId "13800060"]
[BlackFideId "1909436"]
[EventDate "2014.08.02"]

1. Nf3 Nf6 2. c4 e6 3. Nc3 Bb4 4. a3 Bxc3 5. bxc3 b6 6. d3 Bb7 7. e4 d6 8. Be2
Nbd7 9. O-O a5 10. Bg5 h6 11. Bh4 g5 12. Bg3 Nh5 13. Nd4 Nf4 14. Bxf4 gxf4 15.
g3 Qg5 16. Qc1 e5 17. Nf5 Nc5 18. Qd1 h5 19. Bxh5 O-O-O 20. Bf3 Rdg8 21. Bg2 Kb8
22. Rb1 Bc8 23. Qf3 Ka7 24. d4 Ne6 25. Rfd1 Qf6 26. c5 dxc5 27. dxe5 Qxe5 28.
Ne7 Bb7 29. Rd5 Qg7 30. Nxg8 Rxg8 31. Rbd1 fxg3 32. hxg3 Bxd5 33. exd5 Ng5 34.
Qf4 f6 35. Re1 Rd8 36. Qf5 Qh6 37. Re7 Kb8 38. d6 Rc8 39. dxc7+ Ka7 40. Qxc8 1-0

[Event "41st Olympiad Women 2014"]
[Site "Tromso NOR"]
[Date "2014.08.08"]
[Round "6.29"]
[Board "3"]
[White "Monteiro, Sara Cristina da Silva"]
[Black "Alymbay, Kyzy Aizhan"]
[Result "0-1"]
[WhiteTitle "WCM"]
[WhiteElo "1781"]
[BlackElo "1859"]
[WhiteTeam "Portugal"]
[BlackTeam "Kyrgyzstan"]
[WhiteFideId "1909860"]
[BlackFideId "13800043"]
[EventDate "2014.08.02"]

1. d4 d5 2. c4 c6 3. Nc3 Nf6 4. Nf3 e6 5. e3 Nbd7 6. Bd3 dxc4 7. Bxc4 b5 8. Bd3
Bb7 9. O-O a6 10. b3 Be7 11. Bb2 O-O 12. Rc1 Qb8 13. Ne4 Rd8 14. Nc5 Nxc5 15.
dxc5 Qa7 16. b4 a5 17. a3 axb4 18. axb4 Qa4 19. Rb1 Qxd1 20. Rfxd1 Nd5 21. Be2
Nxb4 22. Bd4 Nd5 23. Ne1 f6 24. e4 Nf4 25. Bg4 f5 26. exf5 exf5 27. Bf3 Ne6 28.
Be3 f4 29. Bg4 fxe3 30. Bxe6+ Kh8 31. fxe3 Bxc5 32. Nc2 Re8 33. Bg4 g6 34. Kf2
Ra2 35. Rd7 Rxc2+ 36. Ke1 0-1

[Event "41st Olympiad Women 2014"]
[Site "Tromso NOR"]
[Date "2014.08.08"]
[Round "6.29"]
[Board "4"]
[White "Shyngys Kyzy, Aijarkyn"]
[Black "Correia, Sandra Ventura"]
[Result "1-0"]
[WhiteElo "1800"]
[BlackElo "1763"]
[WhiteTeam "Kyrgyzstan"]
[BlackTeam "Portugal"]
[WhiteFideId "13800531"]
[BlackFideId "1928147"]
[EventDate "2014.08.02"]

1. e4 c5 2. c3 g6 3. d4 cxd4 4. cxd4 d5 5. e5 Bg7 6. Nc3 Nc6 7. Nge2 Nh6 8. h3
O-O 9. g4 f6 10. exf6 Rxf6 11. g5 Rf7 12. gxh6 Bh8 13. Bg2 e6 14. Be3 Qb6 15.
Qb3 Qd8 16. O-O-O Na5 17. Qb4 Nc6 18. Qb3 Na5 19. Qb4 Nc6 20. Qc5 Rc7 21. Bf4
Rd7 22. Rhe1 Bf6 23. Ng3 Nxd4 24. Rxd4 b6 25. Qc6 Bb7 26. Qxe6+ Kf8 27. Bxd5
Bxd5 28. Rxd5 Rxd5 29. Qxd5 1-0

[Event "41st Olympiad Women 2014"]
[Site "Tromso NOR"]
[Date "2014.08.08"]
[Round "6.30"]
[Board "1"]
[White "Berezina, Irina"]
[Black "Machlik, Monika"]
[Result "1-0"]
[WhiteTitle "IM"]
[WhiteElo "2182"]
[BlackElo "2081"]
[WhiteTeam "Australia"]
[BlackTeam "Norway 2"]
[WhiteFideId "3201937"]
[BlackFideId "1513621"]
[EventDate "2014.08.02"]

1. d4 d5 2. g3 Nf6 3. Bg2 c6 4. Nf3 Bf5 5. c4 e6 6. O-O h6 7. b3 Nbd7 8. Nc3 Be7
9. Bb2 O-O 10. Re1 Rc8 11. e3 Qc7 12. Qe2 Ne4 13. Nd2 Nxd2 14. Qxd2 Nf6 15. Rac1
Qb8 16. f3 Bh7 17. Qe2 Nd7 18. Kh1 Rfe8 19. Bh3 Nf6 20. e4 dxe4 21. Nxe4 Rcd8
22. Bg2 Bg6 23. Rcd1 Rd7 24. d5 Nxe4 25. fxe4 cxd5 26. exd5 exd5 27. Bxd5 Rdd8
28. Qg4 Kf8 29. Rf1 Rd6 30. Be5 h5 31. Rxf7+ 1-0

[Event "41st Olympiad Women 2014"]
[Site "Tromso NOR"]
[Date "2014.08.08"]
[Round "6.30"]
[Board "2"]
[White "Reppen, Ellisiv"]
[Black "Nguyen, Thu Giang"]
[Result "1/2-1/2"]
[BlackTitle "WFM"]
[WhiteElo "2016"]
[BlackElo "2165"]
[WhiteTeam "Norway 2"]
[BlackTeam "Australia"]
[WhiteFideId "1504959"]
[BlackFideId "12400980"]
[EventDate "2014.08.02"]

1. e4 Nf6 2. e5 Nd5 3. c4 Nb6 4. d4 d6 5. exd6 exd6 6. Bd3 Nc6 7. Be3 Be7 8. Nc3
Bf6 9. Nge2 Bg4 10. h3 Bh5 11. Qd2 Bg6 12. b3 O-O 13. O-O Re8 14. Rad1 a5 15.
Bxg6 hxg6 16. Nf4 Ne7 17. g4 d5 18. c5 Nbc8 19. Rfe1 b6 20. Ng2 Nc6 21. Nb5 N8a7
22. Nxa7 Rxa7 23. cxb6 cxb6 24. Rc1 Rc7 25. Qd3 Be7 26. Qb5 Na7 27. Qxe8+ Qxe8
28. Rxc7 Nb5 29. Rc2 Qd7 30. a4 Nc7 31. Rec1 Ne6 32. Nf4 Bf6 33. Nxe6 Qxe6 34.
Rc6 Qe4 35. Rxb6 Bxd4 36. Bxd4 Qxd4 37. Rb8+ Kh7 38. Rcc8 g5 39. Rh8+ Kg6 40.
Rhd8 Qd3 41. Rb5 Qxh3 42. Rdxd5 Qxg4+ 43. Kf1 f6 44. Rd3 Qe4 45. Re3 Qa8 46. f3
Qc6 47. Kf2 Qc2+ 48. Re2 Qc3 49. Kg2 Kh5 50. Re4 Qd2+ 51. Kf1 Qd1+ 52. Kf2 Qd2+
53. Kf1 Qd1+ 1/2-1/2

[Event "41st Olympiad Women 2014"]
[Site "Tromso NOR"]
[Date "2014.08.08"]
[Round "6.30"]
[Board "3"]
[White "Guo, Emma"]
[Black "Gronnestad, Anita"]
[Result "1-0"]
[WhiteTitle "WIM"]
[WhiteElo "2044"]
[BlackElo "1997"]
[WhiteTeam "Australia"]
[BlackTeam "Norway 2"]
[WhiteFideId "3200795"]
[BlackFideId "1502972"]
[EventDate "2014.08.02"]

1. d4 d5 2. c4 e6 3. Nf3 Nf6 4. Nc3 Be7 5. Bf4 O-O 6. Rc1 c6 7. e3 Nbd7 8. cxd5
exd5 9. Bd3 Re8 10. h3 Nf8 11. O-O Ng6 12. Bh2 Bd6 13. a3 Bxh2+ 14. Kxh2 Ne4 15.
b4 Bf5 16. Qc2 Nh4 17. Nxh4 Qxh4 18. Nxe4 Bxe4 19. Bxe4 Rxe4 20. b5 Re6 21. bxc6
bxc6 22. Qa4 Qf6 23. Qa6 Qd8 24. Rxc6 Rxc6 25. Qxc6 Rc8 26. Qb7 Rc7 27. Qa6 Qb8
28. Qd6 h6 29. Rc1 Rb7 30. Qxb8+ Rxb8 31. Rc7 a6 32. Rc6 Ra8 33. Kg3 Kf8 34. Kf4
Ke7 1-0